Architecture A Visual History (Record no. 3365)

MARC details
000 -LEADER
fixed length control field 00322nam a22001337a 4500
008 - FIXED-LENGTH DATA ELEMENTS--GENERAL INFORMATION
fixed length control field 250508b |||||||| |||| 00| 0 eng d
020 ## - INTERNATIONAL STANDARD BOOK NUMBER
ISBN 1856485889
100 ## - MAIN ENTRY--AUTHOR
Author Neal James
245 ## - TITLE STATEMENT
Title Architecture A Visual History
260 ## - PUBLICATION, DISTRIBUTION, ETC. (IMPRINT)
Place of publication London
Name of publisher PRC Publishers
Date of publication 2002
300 ## - COLLATION
Pagination 511p.
942 ## - ADDED ENTRY ELEMENTS (KOHA)
Item type Books
050 ## - LIBRARY OF CONGRESS CALL NUMBER
Classification number NA 5450
Item number .N43
Holdings
Source of classification or shelving scheme Not for loan Permanent location Current location Date acquired Accession No. Full call number Barcode. Koha item type
Library of Congress Classification   Samuel Ogbemudia Main Library, University of Abuja Environmental Sciences Library 05/08/2025 ,2008/38650 NA 5450 .N43 2025-1828 Books
Library of Congress Classification   Samuel Ogbemudia Main Library, University of Abuja Environmental Sciences Library 05/08/2025 2008/38649 NA 5450 .N43 2025-1829 Books
Library of Congress Classification   Samuel Ogbemudia Main Library, University of Abuja Environmental Sciences Library 05/08/2025 2011/41210 NA 5450 .N43 2025-1830 Books